United States Population Circles Quiz Stats

 Plays Quiz Updated Nov 12, 2017

Challenge
Share
Tweet
Score 0/8 Timer 02:00
21 Plays Today
% Correct
42.8 million
95.5%
24.1 million
91.7%
12.3 million
88%
22.0 million
81.2%
14.2 million
80.6%
24.4 million
75.3%
13.0 million
72.9%
18.0 million
47.4%

You're not logged in!

Compare scores with friends on all Sporcle quizzes.
OR
Log In

You Might Also Like...

Show Comments

Extras

Top Quizzes Today


Score Distribution

Your Account Isn't Verified!

In order to create a playlist on Sporcle, you need to verify the email address you used during registration. Go to your Sporcle Settings to finish the process.

Report this User

Report this user for behavior that violates our Community Guidelines.

Details: